000 00453nam a2200181Ia 4500
001 13381
005 20260306164757.0
008 260306t2009||||xx |||||||||||||| ||spa||
041 _aESP
082 _a003.3
_bH439
100 _aHey, Tony
_eAUT
245 4 _aThe fourth paradigm:
_bdata-intensive scientific discovery
260 _c2009
300 _axxxiii, 252 páginas :
_c25 cm.
650 _aGEN
654 _aCCC
942 _cLIB
_dJUS
_fJUS
_2ddc
_n
999 _c13381
_d13381